000 00668cab a2200217 4500
001 WB2342-35
008 090401t1987 xxu||||| |||| 00| 0 eng d
035 _a(Sirsi) u32971
041 _aeng
245 _aStateside real estate store
260 _c1987
350 _a0
490 _aFinancial Times
_vWeekend 17/10/87 p15
520 _aThe American Real Estate and Investment Centre which displays American real estate for sale opened in London in September, the first of a planned worldwide network.
650 _aINVESTMENT
650 _aOVERSEAS
650 _aUNITED STATES
690 _aPROPERTY LAW AND PRACTICE
942 _n0
948 _c04/03/1997
999 _c22033
_d22033